000 00579nam a22001937a 4500
003 0
005 20260116153235.0
008 260116b xxu||||| |||| 00| 0 eng d
020 _a978-0-8254-4332-9
050 _aER
_bPe426 2013
082 _aER
_bPe426 2013
100 _aBower, Gary
245 _aPerfect christmas :
_ba carol of calm in the midst of a mess
_cGary Bower
260 _aGrand Rapids, MI :
_bKregel Publications,
_c2013.
300 _a32 pages :
_bcolored illustrations ;
_c27 cm.
650 _aChristmas stories.
650 _aPicture books.
942 _2ddc
_cBK
999 _c368732
_d368732